Trouve la ref (photo) - Statistiques

Statistiques générales
  • Ce quiz a été pris 148 fois
  • Le résultat moyen est 3 sur 10
Statistiques - réponses
Par images Réponse % Correct
non moi je suis coach
67%
pourquoi faire
54%
oh la vache
52%
encore ça fait beaucoup la non
48%
j'suis spider man fils de pute
27%
stop the car
24%
arrête de parler
18%
im in the ghetto ratatata
11%
j'adore l'eau dans 20 30 ans y'en aura plus
11%
la vie de ma mère on va a quick j'ai envie d'un burger
2%
Aucun quiz correspondant
Distribution des résultats
% des personnes avec chaque résultat
Percentile par nombre de réponses
Votre historique - résultats
Vous n’avez pas pris ce quiz